| 000 | 00732nam a22002537a 4500 | ||
|---|---|---|---|
| 001 | 00742 | ||
| 003 | DO-SdBNP | ||
| 005 | 20230512114352.0 | ||
| 007 | 00742 | ||
| 008 | 160708b2000 mx | 00| 0 spa d | ||
| 020 | _a9789707100077 | ||
| 040 |
_aBPMSU _bspa _cBPMSU |
||
| 082 | 4 |
_aU862.44 _bB462P 2000 _222 |
|
| 100 | 1 |
_aBenedetti, Mario _d1920-2009 _942 |
|
| 245 | 1 | 0 |
_aPedro y el capitán / _cMario Benedetti |
| 260 |
_aMéxico : _bPunto de Lectura, _c2000. _g |
||
| 300 |
_a105 p. : _c18 cm. |
||
| 490 | 0 |
_aPunto de lectura, _v48/9 |
|
| 590 | _aInventariado, 2023/VM | ||
| 650 | 4 |
_aLiteratura dramática uruguaya _z |
|
| 650 | 4 |
_a Teatro uruguayo _z |
|
| 910 | _aBTAVÁREZ/ VMateo V. Control de calidad (BPMSU) | ||
| 942 |
_2ddc _cBK |
||
| 999 |
_c10799 _d10799 |
||